[Event "Sportaccord WMG Rapid w"]
[Site "Beijing CHN"]
[Date "2011.12.10"]
[Round "4"]
[White "Danielian,E"]
[Black "Stefanova,A"]
[Result "1/2-1/2"]
[WhiteElo "2497"]
[BlackElo "2531"]

1.Nf3 d5 2.c4 c6 3.e3 Nf6 4.Nc3 g6 5.d4 Bg7 6.Be2 O-O 7.O-O a6 8.a4 a5 9.b3 Na6
10.cxd5 cxd5 11.Ba3 Bf5 12.Rc1 Re8 13.Bb5 Bd7 14.Qe2 Nc7 15.Bxd7 Nxd7 16.Nb5 Ne6
17.Rc2 Nb8 18.Rfc1 Nc6 19.Ne1 Nc7 20.Nxc7 Qxc7 21.Qb5 e5 22.dxe5 Rxe5 23.Nf3 Rh5
24.Rxc6 bxc6 25.Qxc6 Qxc6 26.Rxc6 Rf5 27.Bc5 Rf6 28.Rc7 h6 29.Nd4 Bf8 30.g3 Rfa6
31.Bxf8 Kxf8 32.Rd7 Rc8 33.Rxd5 Rc1+ 34.Kg2 Rb1 35.Rb5 Rb2 36.h4 Rf6 37.Nf3 Rc6
38.Nd4 Rf6 39.Nf3 Rc6 40.Nd4 Rf6 41.Nf3 Rc6  1/2-1/2

[Event "Arab Games Blitz Men"]
[Site "Doha QAT"]
[Date "2011.12.10"]
[Round "5"]
[White "Hussein,AH"]
[Black "Khader,Sam"]
[Result "1/2-1/2"]
[WhiteElo "2392"]
[BlackElo "2404"]

1.Nf3 d5 2.c4 d4 3.b4 g6 4.d3 Bg7 5.g3 e5 6.Bg2 Ne7 7.O-O O-O 8.Nbd2 a5 9.b5 a4
10.Ba3 Re8 11.Rb1 Nd7 12.Qc2 h6 13.c5 Nd5 14.Nxd4 exd4 15.Bxd5 Rxe2 16.Bf3 Re8
17.Rfe1 Ne5 18.Bg2 Bf5 19.Ne4 Bg4 20.Nd2 Bf5 21.Ne4 Bg4 22.Nd2 Bf5 23.Ne4  1/2-1/2

[Event "IV Amitan Mem IM"]
[Site "Donetsk UKR"]
[Date "2011.12.10"]
[Round "4"]
[White "Petrosyan,T1"]
[Black "Volovikov,An"]
[Result "1-0"]
[WhiteElo "2255"]
[BlackElo "2315"]

1.Nf3 d5 2.c4 c6 3.d4 Nf6 4.Qc2 g6 5.Bf4 Bf5 6.Qb3 Qb6 7.e3 Nbd7 8.Nc3 Bg7
9.h3 h5 10.Rc1 O-O 11.Be2 Rac8 12.Qxb6 Nxb6 13.c5 Nbd7 14.O-O Ne4 15.b4 Rfe8
16.Nxe4 dxe4 17.Nd2 e5 18.dxe5 Nxe5 19.Bxe5 Bxe5 20.Nc4 Bc7 21.Rfd1 Rcd8
22.a4 Be6 23.b5 Bd5 24.b6 axb6 25.cxb6 Bxc4 26.bxc7 Rxd1+ 27.Rxd1 Be6 28.Bc4 Bc8
29.a5 Kf8 30.Kf1 Ke7 31.Ke1 h4 32.Kd2 Kd6 33.Bxf7 Re5 34.Bxg6 Kxc7 35.Ra1 Be6
36.Kc3 c5 37.a6 bxa6 38.Rxa6 Bd5 39.g4 Bc6 40.Bf7 Kb7 41.Ra1 Re7 42.Bc4 Re8
43.g5 Bd7 44.g6 Bxh3 45.g7 Bg2 46.g8=Q Rxg8 47.Bxg8 h3 48.Kc4 h2 49.Kxc5 h1=Q
50.Rxh1 Bxh1 51.Bd5+ Kc7 52.Kd4 Bf3 53.Bxe4 Bd1 54.Ke5 Kd7 55.Bd5 Ke7 56.f4 Bh5
57.f5 Be8 58.f6+ Kf8 59.Kd6 Bd7 60.e4  1-0

[Event "Ascona Open"]
[Site "Ascona SUI"]
[Date "2011.12.11"]
[Round "4.2"]
[White "Grunberg,M"]
[Black "Joksic,S"]
[Result "1-0"]
[WhiteElo "2417"]
[BlackElo "2255"]

1.Nf3 d5 2.c4 e6 3.g3 Nf6 4.Bg2 Be7 5.O-O O-O 6.d4 c5 7.cxd5 Nxd5 8.dxc5 Bxc5
9.a3 a5 10.Qc2 Nd7 11.e4 N5f6 12.e5 Ne8 13.Ng5 g6 14.Rd1 Qc7 15.Ne4 Qxe5
16.Rxd7 Bxf2+ 17.Qxf2 Bxd7 18.Bh6 Bc6 19.Nbc3 Rd8 20.Bxf8 Kxf8 21.Rf1 Rd7
22.Qc5+ Qxc5+ 23.Nxc5 Re7 24.Bxc6 bxc6 25.Rd1 Ra7 26.Rd7 Rxd7 27.Nxd7+ Ke7
28.Ne5 Kd6 29.Nxf7+ Kc5 30.Ne5 Nd6 31.Ne2 Kd5 32.Nd3 Nc4 33.Kf2 e5 34.b4 a4
35.Nc5 Nxa3 36.Nxa4 Nc2 37.Nac3+ Kc4 38.Ne4 Kxb4 39.Ng5 c5 40.Nxh7 c4 41.Nf6 Kb3
42.Nd7 Nb4 43.Nxe5 Nd3+ 44.Nxd3 cxd3 45.Nd4+ Kc3 46.Nf3 g5 47.Nxg5 d2 48.Ne4+  1-0

[Event "14th Padova Open"]
[Site "Padova ITA"]
[Date "2011.12.16"]
[Round "7"]
[White "Arnaudov,G"]
[Black "Lazic,Mir"]
[Result "1/2-1/2"]
[WhiteElo "2477"]
[BlackElo "2459"]

1.Nf3 d5 2.c4 c6 3.g3 Nf6 4.Bg2 dxc4 5.O-O Nbd7 6.Qc2 Nb6 7.a4 a5 8.Na3 Qd5
9.Ne1 Qe6 10.e4 Qd6 11.d3 e5 12.dxc4 Nbd7 13.Nd3 Nc5 14.Nxc5 Qxc5 15.Be3 Qb4
16.h3 Bc5 17.Bxc5 Qxc5 18.Qc3 Be6 19.b3 O-O 20.Nc2 Rfd8 21.Ne1 Qd4 22.Qxd4 Rxd4
23.f4 exf4 24.gxf4 Rad8 25.Rc1 g6 26.f5 gxf5 27.exf5 Bc8 28.Rc3 Rd2 29.Re3 Kf8
30.Re5 Rb2 31.Rf3 Re8 32.Rxe8+ Kxe8 33.Bf1 Nd7 34.c5 Ke7 35.Bc4 Rb1 36.Re3+ Kf8
37.Kf2 Nxc5 38.Nd3 Nxd3+ 39.Rxd3 Ke7 40.f6+ Kxf6 41.Rf3+ Ke5 42.Rxf7 b5 43.axb5 cxb5
44.Bxb5 Rb2+ 45.Ke1 Rxb3 46.Bd7 Bxd7 47.Rxd7 h5 48.Rh7 Rxh3 49.Ra7 Re3+ 50.Kd2 Ra3
51.Rh7 Rh3 52.Ra7 Kf4 53.Rxa5 Kf3 54.Rf5+ Kg4 55.Rf8 Rf3 56.Rg8+ Kh3 57.Ke2 Rf7
58.Rg6 h4 59.Rg8 Kh2 60.Rg6 h3 61.Rg8 Ra7 62.Kf2 Ra2+ 63.Kf1 Rg2 64.Rf8 Kh1
65.Rf3 h2 66.Rf8 Rg1+ 67.Kf2 Rf1+ 68.Kxf1  1/2-1/2

[Event "18th Zadar Open A"]
[Site "Zadar CRO"]
[Date "2011.12.16"]
[Round "8.4"]
[White "Berczes,D"]
[Black "Saric,A"]
[Result "1/2-1/2"]
[WhiteElo "2555"]
[BlackElo "2497"]

1.Nf3 d5 2.c4 e6 3.g3 Nf6 4.Bg2 Be7 5.O-O O-O 6.d4 Nbd7 7.Qc2 c6 8.Nbd2 b6
9.e4 Bb7 10.e5 Ne8 11.cxd5 cxd5 12.Re1 Rc8 13.Qa4 Qc7 14.Bf1 a5 15.Bd3 Nb8
16.a3 Qc6 17.Qd1 Ba6 18.Bb1 Nd7 19.Nf1 f6 20.exf6 Bxf6 21.h4 g6 22.g4 Bg7
23.N1h2 Nef6  1/2-1/2

[Event "TCh-NED Meesterklasse 2011-12"]
[Site "Netherlands NED"]
[Date "2011.12.17"]
[Round "4.3"]
[White "Zaragatski,I"]
[Black "Saltaev,M"]
[Result "1/2-1/2"]
[WhiteElo "2474"]
[BlackElo "2484"]

1.Nf3 d5 2.c4 c6 3.g3 Nf6 4.Bg2 g6 5.b3 Bg7 6.Bb2 O-O 7.O-O Bg4 8.d3 Qc8
9.Nbd2 Bh3 10.Rc1 Bxg2 11.Kxg2 Rd8 12.b4 Qd7 13.Nb3 Na6 14.Qd2 Rac8 15.Rc2 dxc4
16.Rxc4 Nd5 17.Bxg7 Kxg7 18.Rh4 h5 19.Rxh5 gxh5 20.Qg5+ Kf8 21.Qh6+ Kg8 22.Qg5+ Kf8
23.Qh6+ Kg8 24.Qg5+  1/2-1/2

[Event "TCh-NED Meesterklasse 2011-12"]
[Site "Netherlands NED"]
[Date "2011.12.17"]
[Round "4.3"]
[White "Fridman,D"]
[Black "Berelowitsch,A"]
[Result "1/2-1/2"]
[WhiteElo "2652"]
[BlackElo "2563"]

1.Nf3 d5 2.c4 e6 3.g3 c5 4.Bg2 Nc6 5.O-O Nf6 6.d4 Be7 7.cxd5 exd5 8.Nc3 O-O
9.dxc5 Bxc5 10.Na4 Be7 11.Be3 Bg4 12.Rc1 Qd7 13.Nc5 Bxc5 14.Rxc5 Rfe8 15.Bg5 Qf5
16.Bxf6 Qxf6 17.Rb5 b6 18.Rxd5 Qxb2 19.Nd4 Nb4 20.Rg5 Bxe2 21.Nxe2 Rad8 22.Qa4 Rxe2
23.Qxa7 Qf6 24.Rb5 Rxa2 25.Qxb6 Qxb6 26.Rxb6 Rb2 27.Ra1 g6 28.Bf1 Nd3 29.Rxb2 Nxb2
30.Ra2 Rd2 31.Kg2 Kg7 32.Bb5 g5 33.h3 h6 34.Kf1 Rc2 35.Ra7 Nc4 36.Bxc4  1/2-1/2

[Event "European Rapid 2011"]
[Site "Warsaw POL"]
[Date "2011.12.17"]
[Round "1"]
[White "Stodolnik,A"]
[Black "Mastrovasilis,D"]
[Result "0-1"]
[WhiteElo "1793"]
[BlackElo "2621"]

1.Nf3 d5 2.c4 c6 3.e3 Nf6 4.d4 Bg4 5.cxd5 cxd5 6.Be2 Nc6 7.Nc3 e6 8.a3 Bd6
9.O-O O-O 10.b4 Rc8 11.Bb2 h6 12.Rc1 Ne7 13.Nd2 Bxe2 14.Qxe2 Qd7 15.Nb3 b6
16.Rfd1 Nf5 17.e4 dxe4 18.Nxe4 Nd5 19.Nxd6 Nxd6 20.Nd2 Rxc1 21.Rxc1 Rc8 22.Rxc8+ Qxc8
23.Nf3 Qc4 24.Qxc4 Nxc4 25.Bc1 Nc3 26.Kf1 Nb5 27.a4 Nc3 28.Ne5 Nxe5 29.dxe5 Nxa4
30.Ke2 Nc3+ 31.Kd3 Nd5 32.Kc4 a6 33.g3 h5 34.h3 Kf8 35.f4 Ke8 36.f5 Kd7 37.g4 hxg4
38.hxg4 Kc6 39.Bd2 g6 40.fxe6 fxe6 41.Bc1 b5+ 42.Kb3 Nb6 43.Bf4 Kd5  0-1

[Event "European Rapid 2011"]
[Site "Warsaw POL"]
[Date "2011.12.17"]
[Round "7"]
[White "Janaszak,Daw"]
[Black "Zontakh,A"]
[Result "0-1"]
[WhiteElo "2370"]
[BlackElo "2566"]

1.Nf3 d5 2.c4 e6 3.g3 dxc4 4.Bg2 a6 5.a4 Nc6 6.Na3 Na5 7.Qc2 Qd5 8.O-O Bd7
9.Ne1 Qc5 10.d4 cxd3 11.Qxd3 Nc6 12.Be3 Qd6 13.Qb3 Qb4 14.Qc2 Nf6 15.Nd3 Qg4
16.h3 Qf5 17.g4 Qg6 18.Qb3 Bd6 19.Nc4 O-O 20.Nxd6 cxd6 21.Nf4 Qg5 22.Qxb7 Na5
23.Qc7 Rac8 24.Qa7 Qh4 25.g5 e5 26.Nd3 Bxh3 27.gxf6 Bxg2 28.Kxg2 Qg4+ 29.Kh2 Qh5+
30.Kg2 Qxe2 31.fxg7 Rfe8 32.Qxa6 Nc4 33.Bh6 Qg4+ 34.Kh2 Qh5+ 35.Kg2 Qg6+
36.Kh2 Qxh6+ 37.Kg2 Qg6+ 38.Kh2 Qxd3  0-1

[Event "18th Zadar Open A"]
[Site "Zadar CRO"]
[Date "2011.12.17"]
[Round "9.22"]
[White "Arjun,B"]
[Black "Paljusaj,E"]
[Result "1/2-1/2"]
[WhiteElo "2178"]
[BlackElo "2352"]

1.Nf3 d5 2.c4 c6 3.d4 Nf6 4.cxd5 cxd5 5.Nc3 a6 6.Bf4 Nc6 7.Rc1 e6 8.e3 Bd6
9.Bxd6 Qxd6 10.Bd3 O-O 11.O-O b5 12.e4 dxe4 13.Nxe4 Nxe4 14.Bxe4 Bb7 15.Qc2 Nb4
16.Qe2 Bxe4 17.Qxe4 Qd5 18.Qxd5 Nxd5 19.a3 Rac8 20.Rc5 Nf4 21.Rd1 Rfd8 22.Rd2 Kf8
23.g3 Nd5 24.Rdc2 Nb6 25.b3 g6 26.Kg2 Ke7 27.Rc7+ Rxc7 28.Rxc7+ Rd7 29.Rc6 Rb7
30.Nd2 Kd7 31.Rc5 Nc8 32.d5 e5 33.Ne4 f5 34.Ng5 Ne7 35.b4 Rc7 36.d6 Rxc5
37.bxc5 Nc6 38.Nxh7 a5 39.Nf8+ Ke8 40.Ne6 b4 41.axb4 axb4 42.Nc7+ Kd7 43.Nd5 b3
44.g4 Nd4 45.gxf5 b2 46.Nc3 Nb3 47.Nb1 gxf5 48.h4 Nxc5 49.Na3 Ne4 50.Nb1 Kxd6
51.Kf3 Kd5 52.h5 Ke6 53.Ke3 Nf6 54.Kd3 e4+ 55.Kc2 Ng4 56.Kxb2 Nxf2 57.Kc2 Kf6
58.Kd2 Ng4 59.Nc3 Kg5 60.Nd5 Kxh5 61.Kc3 Kh4 62.Kd4 Kg3 63.Ne7 Kf4 64.Ng6+ Kg5
65.Ne7 e3 66.Kd3 f4 67.Ke2 Kh4 68.Nf5+ Kh3 69.Kf3 Ne5+ 70.Ke2 Nc4 71.Kf3 Kh2
72.Nd4 Kg1 73.Ne2+ Kf1 74.Nxf4 e2 75.Nxe2  1/2-1/2

[Event "FIDE Women's World Teams"]
[Site "Mardin TUR"]
[Date "2011.12.18"]
[Round "1"]
[White "Khotenashvili,B"]
[Black "Solomons,A"]
[Result "1-0"]
[WhiteElo "2497"]
[BlackElo "1926"]

1.Nf3 d5 2.c4 c6 3.g3 Nf6 4.Bg2 Bg4 5.Ne5 Bf5 6.cxd5 cxd5 7.Nc3 e6 8.Qa4+ Nbd7
9.g4 Bg6 10.h4 h6 11.Nxg6 fxg6 12.Qc2 Kf7 13.g5 hxg5 14.hxg5 Rxh1+ 15.Bxh1 Qc7
16.Bg2 Ng4 17.d4 Qh2 18.Kf1 Qh4 19.e4 Be7 20.exd5 e5 21.Ne4 Rh8 22.d6 Bd8
23.Qb3+ Kf8 24.Qe6 Nh2+ 25.Ke2 Qg4+ 26.Qxg4 Nxg4 27.f3 Nh2 28.dxe5 Nxe5 29.Bf4 Nc4
30.Rh1 Nxb2 31.Rxh2  1-0

[Event "European Rapid 2011"]
[Site "Warsaw POL"]
[Date "2011.12.18"]
[Round "9"]
[White "Dziuba,M"]
[Black "Majdan,J"]
[Result "1-0"]
[WhiteElo "2589"]
[BlackElo "2386"]

1.Nf3 d5 2.c4 c6 3.d4 Nf6 4.Nc3 g6 5.e3 Bg7 6.Be2 O-O 7.O-O Nbd7 8.cxd5 cxd5
9.Qb3 e6 10.Rd1 Nb8 11.Ne5 Nfd7 12.Nd3 Nc6 13.Bd2 Nb6 14.Rac1 Nc4 15.Nb4 N6a5
16.Qc2 Bd7 17.Be1 Rc8 18.b3 Nd6 19.Qb2 Nc6 20.Nd3 e5 21.dxe5 Nxe5 22.Nxe5 Bxe5
23.Rxd5 Qe7 24.Qa3 Bc6 25.Rdd1 Rfd8 26.Bf1 Qe6 27.Qxa7 Qg4 28.h3 Qe6 29.Qb6 Kg7
30.Ne2 Ra8 31.Nd4 Bxd4 32.Qxd4+ Kg8 33.Bc3  1-0

[Event "European Rapid 2011"]
[Site "Warsaw POL"]
[Date "2011.12.18"]
[Round "10"]
[White "Podolchenko,E"]
[Black "Andriasian,Z"]
[Result "0-1"]
[WhiteElo "2484"]
[BlackElo "2619"]

1.Nf3 d5 2.c4 c6 3.d4 Nf6 4.Nc3 dxc4 5.a4 Bf5 6.Ne5 Nbd7 7.Nxc4 Qc7 8.Qd2 Be6
9.e3 g6 10.Be2 Bg7 11.b3 O-O 12.Ba3 Rfe8 13.O-O Rad8 14.Rfd1 Bf5 15.Rac1 Ne4
16.Nxe4 Bxe4 17.Qa5 b6 18.Qg5 c5 19.Nd2 Bb7 20.dxc5 bxc5 21.Nc4 Ba8 22.Qg3 Qc8
23.b4 cxb4 24.Nd6 bxa3 25.Rxc8 Rxc8 26.Nxe8 Be5 27.Qg4 Bc6 28.Qc4 Nb6 29.Qb3 Bb2
30.a5 Ba4 31.Qa2 Bxd1 32.Bxd1 Rc1 33.g3 Rxd1+ 34.Kg2 Nc8 35.Qb3 Rd8 36.Nc7 Nd6
37.Nd5 e6 38.Ne7+ Kg7 39.Nc6 Rd7 40.a6 Ne4 41.Qb7 Rxb7 42.axb7 a2 43.b8=Q a1=Q
44.Ne7 Nf6 45.Nc6 Qa4 46.Nxa7 Qe4+ 47.Kg1 Be5 48.Qb5 Qd5  0-1

[Event "FIDE Women's World Teams"]
[Site "Mardin TUR"]
[Date "2011.12.19"]
[Round "2"]
[White "Khotenashvili,B"]
[Black "Galojan,L"]
[Result "1/2-1/2"]
[WhiteElo "2497"]
[BlackElo "2383"]

1.Nf3 d5 2.c4 c6 3.b3 Nf6 4.Bb2 Bf5 5.d3 e6 6.Nbd2 Nbd7 7.g3 Bd6 8.Bg2 h6
9.O-O O-O 10.cxd5 cxd5 11.e4 Bg4 12.h3 Bxf3 13.Nxf3 dxe4 14.dxe4 Qb8 15.Qe2 Ne5
16.Nh4 Nc6 17.f4 Rd8 18.Rac1 Be7 19.e5 Nd5 20.Be4 Qc7 21.Ng2 Qb6+ 22.Kh2 Bc5
23.f5 exf5 24.Rxf5 Nce7 25.Rf3 Bd4 26.Bxd4 Qxd4 27.Rd3 Qb6 28.Rcd1 Nb4 29.Rxd8+ Rxd8
30.Rxd8+ Qxd8 31.Bxb7 Qd4 32.e6 f5 33.Qb5 Kh7 34.Qd7 Qf6 35.a4 Nc2 36.Bd5 Nd4
37.b4 a6 38.Bb7 Nxe6 39.Bxa6 f4 40.Qd3+ g6 41.Bb7 fxg3+ 42.Qxg3 Qd4 43.a5 Nf5
44.Qe1 Qd6+ 45.Kh1 Ng3+ 46.Kh2 Ne2+ 47.Kh1 Ng3+ 48.Kh2 Ne2+ 49.Kh1  1/2-1/2

[Event "XXII Cajacanarias Christmas"]
[Site "Santa Cruz de Tenerife ESP"]
[Date "2011.12.23"]
[Round "6"]
[White "Tatai,S"]
[Black "Rodriguez Vera,G"]
[Result "1/2-1/2"]
[WhiteElo "2367"]
[BlackElo "2137"]

1.Nf3 d5 2.c4 dxc4 3.e3 Nf6 4.Bxc4 g6 5.Ne5 e6 6.O-O Bg7 7.Nc3 O-O 8.d4 Nbd7
9.Nf3 c5 10.Qe2 a6 11.a4 Qc7 12.Rd1 b6 13.h3 Bb7 14.b3 Nd5 15.Bxd5 exd5 16.Ba3 Rfe8
17.Rac1 Qd8 18.a5 cxd4 19.Nxd4 Nc5 20.Qa2 Ne4 21.Nxe4 Rxe4 22.axb6 Bxd4 23.Rxd4 Rxd4
24.exd4 Qxb6 25.Qe2 Qb5 26.Qe7 Re8 27.Qf6 Qd7 28.Qf4 Bc6 29.Qh6 f6 30.Rc3 Bb5
31.Qf4 Qf5 32.Qh6 Qh5 33.Qc1 Qf5 34.Re3 Rxe3 35.Qxe3 Qd7 36.Qf4 Kg7 37.Qb8 Qf7
38.Qd6 h5 39.Qd8 Be8 40.Be7 Bb5 41.h4 Bd3 42.f3 Bc2 43.b4 Bb3 44.Kf2 Bd1
45.Qd6 Bc2 46.g4 hxg4 47.fxg4 Be4 48.Ke3 Bh1 49.Kd2 Bg2 50.g5 fxg5 51.Qe5+ Kh7
52.hxg5 Qf2+ 53.Kc3 Qf3+ 54.Kb2 Qf2+ 55.Ka3 Be4 56.Bd6 Qe3+ 57.Ka4 Bc2+ 58.Ka5 Qxe5
59.dxe5 Bd3 60.e6 Kg8 61.Kb6 Bc4 62.Kc5 Bb3 63.Kd4 Bc4 64.Bc5 Bb3 65.Ke5  1/2-1/2

[Event "V Stadium Casablanca Open"]
[Site "Zaragoza ESP"]
[Date "2011.12.26"]
[Round "3"]
[White "Paunovic,D"]
[Black "Lana Rodriguez,D"]
[Result "1-0"]
[WhiteElo "2528"]
[BlackElo "2243"]

1.Nf3 d5 2.c4 e6 3.d4 Nf6 4.Nc3 Bb4 5.Bg5 h6 6.Bxf6 Qxf6 7.e3 O-O 8.Rc1 c6
9.Bd3 Nd7 10.O-O Bxc3 11.Rxc3 dxc4 12.Bxc4 e5 13.Bb3 exd4 14.exd4 Rd8 15.Re1 Qd6
16.Rce3 Nf6 17.Qc2 Bd7 18.h3 Nd5 19.Re5 Be6 20.a3 Nc7 21.Qd3 Bxb3 22.Qxb3 Ne6
23.Qxb7 Rdb8 24.Qa6 Rxb2 25.Qa4 a6 26.Qc4 Qxa3 27.Qxc6 Rab8 28.d5 R2b6 29.Qc2 Nf8
30.Nd4 Rf6 31.Nf5 Qb3 32.Qc5 Qb4 33.Qxb4 Rxb4 34.g4 Kh7 35.Re8 g6 36.Ng3 Kg7
37.Rc1 Rd6 38.Rcc8 Nd7 39.Ne4 Rxe4 40.Rxe4 Rxd5 41.Rd8 Kf6 42.h4 Nb6 43.Rxd5 Nxd5
44.Ra4 Nc7 45.Kg2 Ke6 46.Kg3 Ke5 47.h5 g5 48.Ra5+ Kf6 49.Rc5 Ne6 50.Rc6 Kg7
51.Rxa6 Nf4 52.Kf3 Ne6 53.Ke3 Kf8 54.Rc6 Kg7 55.Ke4 Nf4 56.Rc3 Ne6 57.Rf3 Nc5+
58.Kd5 Nd7 59.Rf5 Nf6+ 60.Kd6 Nxg4 61.Ke7 f6 62.Ke6 Ne5 63.Rxf6 Nd3 64.Rf7+ Kg8
65.Rf3 Nf4+ 66.Rxf4 gxf4 67.f3 Kg7 68.Ke7 Kg8 69.Kf6 Kf8 70.Kg6 Ke7 71.Kxh6 Kf6
72.Kh7 Kf7 73.h6 Kf8 74.Kg6 Kg8 75.Kh5 Kh8 76.Kg4 Kh7 77.Kg5  1-0

[Event "V Stadium Casablanca Open"]
[Site "Zaragoza ESP"]
[Date "2011.12.26"]
[Round "4"]
[White "Vassallo Barroche,M"]
[Black "Chueca Forcen,A"]
[Result "1/2-1/2"]
[WhiteElo "2429"]
[BlackElo "2350"]

1.Nf3 d5 2.c4 dxc4 3.e3 Be6 4.Na3 a6 5.Nxc4 b5 6.Nce5 f6 7.Nd3 Bf7 8.Nc5 e5
9.d4 Bxc5 10.dxc5 Qxd1+ 11.Kxd1 Nc6 12.Bd2 Nge7 13.Bd3 O-O-O 14.Kc2 Rd5 15.b4 Rhd8
16.Be4 Bg6 17.Bxg6 Nxg6 18.Bc3 a5 19.a3 a4 20.Rad1 Nge7 21.e4 Rxd1 22.Rxd1 Rxd1
23.Kxd1 Kd7 24.Ke2 Ng6 25.g3 Nf8 26.Ke3 Ne6 27.Bb2 Ke7 28.Ne1 Ned4 29.f4 Ke6
30.Bc3 Kf7 31.Bb2 g5 32.f5 g4 33.Nd3 h5 34.Bxd4 Nxd4 35.Ne1 Kg7 36.Kf2 Kh6
37.Ke3 Kg5 38.Kf2 h4 39.Ke3 h3 40.Kd3 Kh5 41.Ke3 Kg5 42.Kd3 Kh5 43.Ke3  1/2-1/2

[Event "Hastings Masters 2011-12"]
[Site "Hastings ENG"]
[Date "2011.12.28"]
[Round "1.29"]
[White "Grant,A"]
[Black "Godard,M"]
[Result "0-1"]
[WhiteElo "2186"]
[BlackElo "2333"]

1.Nf3 d5 2.c4 e6 3.d4 Nf6 4.g3 dxc4 5.Qa4+ c6 6.Qxc4 b5 7.Qb3 Bb7 8.Bg2 Nbd7
9.O-O Be7 10.Bf4 O-O 11.Nbd2 Qb6 12.a4 a6 13.Ne5 Nxe5 14.dxe5 Nd5 15.e4 Nxf4
16.gxf4 Rad8 17.Nc4 Qc7 18.Ne3 Rd4 19.Rfc1 Rb4 20.Qc3 Rc8 21.b3 Qb6 22.Nc2 bxa4
23.Nxb4 Bxb4 24.Qg3 a3 25.f5 Rd8 26.f6 g6 27.Qf3 Rd2 28.Bf1 Bf8 29.Bc4 Bh6
30.Qg3 Rxf2 31.Kh1 Bxc1  0-1

[Event "Cracovia Open A"]
[Site "Krakow POL"]
[Date "2011.12.28"]
[Round "2.7"]
[White "Jedynak,R"]
[Black "Klepaczka,T"]
[Result "1/2-1/2"]
[WhiteElo "2494"]
[BlackElo "2166"]

1.Nf3 d5 2.c4 d4 3.g3 c5 4.e3 Nc6 5.Bg2 Nf6 6.O-O e5 7.exd4 cxd4 8.d3 Bd6
9.Re1 O-O 10.a3 a5 11.Bg5 h6 12.Bxf6 Qxf6 13.Nbd2 Bc7 14.Rb1 Qg6 15.Nh4 Qd6
16.Qc2 a4 17.Ne4 Qe7 18.Nd2 g5 19.Nhf3 Ra5 20.b4 axb3 21.Nxb3 Rxa3 22.Nfxd4 Nb4
23.Qe2 Ra2 24.Qf3 Qd7 25.Nb5 Bb6 26.d4 exd4 27.N3xd4 Nc2 28.Re2 Bxd4 29.Qb3 Nb4  1/2-1/2

[Event "Czech Chess Christmas 2011"]
[Site "Litomysl CZE"]
[Date "2011.12.28"]
[Round "4.13"]
[White "Kastner,O"]
[Black "Starek,Stanislav"]
[Result "1/2-1/2"]
[WhiteElo "2137"]
[BlackElo "1995"]

1.Nf3 d5 2.c4 e6 3.g3 Bd6 4.Bg2 c6 5.b3 f5 6.Bb2 Nf6 7.O-O Nbd7 8.d4 O-O
9.Nbd2 Ne4 10.Ne5 Nxe5 11.dxe5 Be7 12.e3 a5 13.cxd5 exd5 14.a4 Be6 15.Nf3 Qc7
16.Qc2 Bb4 17.Rfd1 Qe7 18.Nd4 Bd7 19.Ne2 Rac8 20.Nf4 Nc5 21.Nd3 Nxd3 22.Qxd3 Be6
23.Bc3 Rfd8 24.Bxb4 Qxb4  1/2-1/2

[Event "1st St Leon-Rot Open"]
[Site "Sankt Leon-Rot GER"]
[Date "2011.12.28"]
[Round "4"]
[White "Thier,J"]
[Black "Dushatskiy,F"]
[Result "1-0"]
[WhiteElo "2105"]
[BlackElo "2218"]

1.Nf3 d5 2.c4 e6 3.g4 c5 4.Bg2 Nc6 5.cxd5 exd5 6.g5 Be6 7.d3 Qd7 8.Bf4 Bd6
9.Bg3 h6 10.Nc3 Nge7 11.Nb5 Bxg3 12.hxg3 a6 13.Nc3 b5 14.gxh6 gxh6 15.Qd2 Nf5
16.e4 Nfd4 17.Nxd4 Nxd4 18.Nxd5 Bxd5 19.exd5 Qe7+ 20.Kf1 Qd6 21.b4 Kf8 22.bxc5 Qxc5
23.Rh5 Rg8 24.Rc1 Qa7 25.d6 Re8 26.Rc7 Qb6 27.Qf4  1-0

[Event "XLI Rilton Cup 2011-12"]
[Site "Stockholm SWE"]
[Date "2011.12.28"]
[Round "2"]
[White "Bakre,T"]
[Black "Villegas,P"]
[Result "1-0"]
[WhiteElo "2509"]
[BlackElo "2249"]

1.Nf3 d5 2.c4 d4 3.e3 Nc6 4.d3 e5 5.Be2 Bb4+ 6.Bd2 a5 7.O-O Nf6 8.exd4 exd4
9.Na3 O-O 10.Nb5 Bf5 11.Bf4 Rc8 12.a3 Bc5 13.Nd2 Nd7 14.Nb3 a4 15.Nc1 Nce5
16.b4 c6 17.bxc5 cxb5 18.cxb5 Qa5 19.Rb1 Qc3 20.Bd2 Qxc5 21.Qxa4 Ra8 22.Qb4 Rfc8
23.Nb3 Qa7 24.Qxd4 Nxd3 25.Qxa7 Rxa7 26.Nd4 Be4 27.Rb3 N7c5 28.Rc3 Rd8 29.Be3 Rd6
30.Nc2 b6 31.Rd1 Ra8 32.f3 Bg6 33.Bxd3 Rxd3 34.Rdxd3 Nxd3 35.Bxb6 Nf4 36.Nd4 Nd5
37.Rc6 Ne7 38.Rd6 h5 39.Rd8+ Rxd8 40.Bxd8  1-0

[Event "Cracovia Open A"]
[Site "Krakow POL"]
[Date "2011.12.29"]
[Round "3.39"]
[White "Pejko,O"]
[Black "Leks,M"]
[Result "0-1"]
[WhiteElo "2189"]
[BlackElo "2106"]

1.Nf3 d5 2.c4 dxc4 3.Qa4+ c6 4.Qxc4 Nf6 5.g3 b5 6.Qc2 Bb7 7.Bg2 e6 8.O-O Nbd7
9.b3 c5 10.Bb2 Be7 11.a4 a6 12.axb5 axb5 13.Rxa8 Qxa8 14.Na3 Be4 15.d3 Bc6
16.Ra1 Qb7 17.Rc1 O-O 18.e4 Ra8 19.Nb1 Rc8 20.Nbd2 Bf8 21.Ra1 Ra8 22.Rc1 Ra6
23.Ra1 Rxa1+ 24.Bxa1 Qa8 25.Bc3 Ne8 26.Ne5 Nxe5 27.Bxe5 f6 28.Bc3 Nc7 29.f4 Qd8
30.Bh3 Kf7 31.Nf3 Qa8 32.Nd2 Qa7 33.Kf1 Na6 34.Qa2 Qb7 35.Kg1 Qb6 36.Ba5 Qa7
37.Bc3 c4+ 38.Kf1 b4 39.Ba1 cxd3 40.Bd4 Bc5 41.Bxc5 Qxc5 42.Nc4 Nb8 43.Qf2 Nd7
44.Bg2 Ke7 45.Qxc5+ Nxc5 46.Nd2 f5 47.e5 Bxg2+ 48.Kxg2 Ne4  0-1

[Event "XLI Rilton Cup 2011-12"]
[Site "Stockholm SWE"]
[Date "2011.12.29"]
[Round "3"]
[White "Cicak,S"]
[Black "Lindberg,Be"]
[Result "1-0"]
[WhiteElo "2566"]
[BlackElo "2415"]

1.Nf3 d5 2.c4 e6 3.e3 Nf6 4.b3 Be7 5.Bb2 O-O 6.Be2 b6 7.O-O c5 8.d3 Bb7 9.Nbd2 Nc6
10.a3 a6 11.Rc1 Rc8 12.Rc2 Qc7 13.Qa1 Qb8 14.cxd5 exd5 15.Rfc1 Nd8 16.d4 Ne6
17.dxc5 bxc5 18.Bd3 Rfd8 19.Be5 Qa8 20.Bf5 Ne8 21.Qb1 Nd6 22.Bxe6 fxe6 23.Rxc5 Rxc5
24.Rxc5 Nb5 25.Rc1 Bxa3 26.Re1 Be7 27.Qb2 Bf8 28.Nd4 Nxd4 29.Qxd4 Qc8 30.Qg4 Qc6
31.Nf3 Qe8 32.Nd4 Bc8 33.Rc1 Bd7 34.h4 Rc8 35.Ra1 h5 36.Qg5 Qf7 37.Qg3 Ra8
38.Bd6 Qe8 39.Qe5 Bxd6 40.Qxd6 a5 41.Rc1 Rc8 42.Rxc8 Bxc8 43.Qc7 Ba6 44.Qxa5 Bd3
45.Qc7 e5 46.Nf3 e4 47.Nd4 Kh7 48.Qd6 Qg6 49.Ne6 Qf6 50.Ng5+ Kg6 51.Qxd5 Qa1+
52.Kh2 Qf6 53.Kg3 Qf5 54.Qc6+ Qf6 55.Qe8+ Kf5 56.Qxh5 Qe5+ 57.Kh3  1-0

[Event "Zuerich Weihnachtsopen Masters"]
[Site "Zuerich SUI"]
[Date "2011.12.29"]
[Round "6"]
[White "Baramidze,D"]
[Black "Ghaem Maghami,E"]
[Result "1/2-1/2"]
[WhiteElo "2597"]
[BlackElo "2580"]

1.Nf3 d5 2.c4 d4 3.e3 Nc6 4.d3 g6 5.exd4 Nxd4 6.Nxd4 Qxd4 7.Bd2 Nf6 8.Bc3 Qd6
9.Nd2 Bg7 10.d4 Nh5 11.Ne4 Qe6 12.Qe2 O-O 13.g3 Nf6 14.Bg2 Nxe4 15.Bxe4 Rd8
16.O-O-O Qa6 17.Kb1 Rb8 18.Rhe1 Be6 19.b3 b5 20.cxb5 Qxb5 21.Qxb5 Rxb5 22.Bb2 Bf6
23.Bc6 Rh5 24.h4 Rd6 25.Be4 Rb5 26.Rd3 Bf5 27.f3 c5 28.Bxf5 gxf5 29.d5 c4
30.Rde3 Rdxd5 31.Bxf6 exf6 32.Kc2 cxb3+ 33.axb3 Rbc5+ 34.Rc3 f4 35.gxf4 Rxc3+
36.Kxc3 Rf5 37.b4 a5 38.bxa5 Rxa5 39.Rg1+ Kf8 40.Kd3 Ra2 41.Ke4 Rh2 42.Rg4 Ke7
43.f5 h5 44.Rf4 Kd6 45.Ke3 Ke5 46.Ra4 Kxf5 47.Ra5+ Kg6 48.Ra4 f5 49.Ra6+ Kg7
50.Ra4 Kf6 51.Ra6+ Ke5 52.Ra5+ Kf6  1/2-1/2

[Event "48th Groningen Open A"]
[Site "Groningen NED"]
[Date "2011.12.30"]
[Round "9.10"]
[White "Plat,V"]
[Black "Kuipers,S"]
[Result "1-0"]
[WhiteElo "2425"]
[BlackElo "2396"]

1.Nf3 d5 2.c4 c6 3.e3 Nf6 4.d4 Bg4 5.Nc3 e6 6.h3 Bh5 7.Qb3 Qb6 8.Ne5 Nfd7
9.Qxb6 axb6 10.g4 Bg6 11.cxd5 Nxe5 12.dxe5 cxd5 13.f4 Nc6 14.Bb5 O-O-O 15.O-O f5
16.Bd2 fxg4 17.hxg4 h5 18.gxh5 Rxh5 19.Rac1 Bb4 20.Be2 Rh3 21.Rf3 Rxf3 22.Bxf3 Bf5
23.a3 Bxc3 24.Bxc3 g5 25.b4 gxf4 26.exf4 Kd7 27.Kf2 Ra8 28.b5 Na7 29.Be2 Rh8
30.a4 Rh2+ 31.Ke3 Rh3+ 32.Kd2 Nc8 33.Rg1 Rh7 34.Bd4 Kc7 35.Rg3 Kb8 36.a5 bxa5
37.b6 Ne7 38.Bc5 Ng6 39.Rc3 Kc8 40.Be7+ Kd7 41.Bb5+ Kxe7 42.Rc7+  1-0

[Event "Hastings Masters 2011-12"]
[Site "Hastings ENG"]
[Date "2011.12.30"]
[Round "3.53"]
[White "Sreeves,C"]
[Black "Kalairajah,Shyam"]
[Result "1-0"]
[WhiteElo "2247"]
[BlackElo "1830"]

1.Nf3 d5 2.c4 e6 3.g3 Nf6 4.Bg2 Be7 5.O-O O-O 6.b3 c5 7.e3 Nc6 8.Bb2 b6 9.Nc3 Bb7
10.cxd5 Nxd5 11.Nxd5 exd5 12.d4 Rc8 13.Qd2 Qd6 14.Rfd1 Rfd8 15.Rac1 Nb4 16.Bc3 Qe6
17.a3 Na6 18.dxc5 Nxc5 19.Nd4 Qg6 20.Ba1 Bf6 21.Qa2 Ne4 22.b4 a6 23.Bh3 Rb8
24.Qe2 Be7 25.Bf5 Qh6 26.Bxe4 dxe4 27.Nf5 Qg5 28.Nxg7 Rxd1+ 29.Qxd1 Rd8 30.Qh5 Qxh5
31.Nxh5 Rc8 32.Rd1 Rd8 33.Bd4 Kf8 34.Rc1 a5 35.Bxb6 Rd5 36.Nf4  1-0

[Event "Cracovia Open A"]
[Site "Krakow POL"]
[Date "2011.12.30"]
[Round "4.22"]
[White "Wiewiora,E"]
[Black "Swiech,Pr1"]
[Result "0-1"]
[WhiteElo "2124"]
[BlackElo "2269"]

1.Nf3 d5 2.c4 e6 3.d4 c6 4.Nc3 dxc4 5.e3 b5 6.a4 Bb4 7.Bd2 a5 8.axb5 Bxc3
9.Bxc3 cxb5 10.b3 Bb7 11.bxc4 b4 12.Bb2 Nf6 13.Bd3 Nbd7 14.O-O O-O 15.Nd2 Bc6
16.Qc2 a4 17.f4 Ng4 18.d5 exd5 19.Bxh7+ Kh8 20.Rf3 Nxe3 21.Rxe3 Qb6 22.c5 Qxc5
23.Qxc5 Nxc5 24.Rh3 Rfd8 25.Bd4 Ne6 26.Bf5+ Kg8 27.Bxe6 fxe6 28.Rg3 Rd7 29.Nf3 Bb5
30.Be5 b3 31.Ng5 Ra6 32.Bb2 Rc7 33.Rf3 Rc2 34.Rf2 Be2 35.Ba3 d4 36.f5 e5
37.Nf3 Bxf3 38.gxf3 d3 39.Rff1 b2 40.Rab1  0-1